NBA Who's This Player? 90-00s' Edition - Statistics

General Stats
  • This quiz has been taken 102 times
  • The average score is 13 of 19
Answer Stats
Picture Answer % Correct
Kobe Bryant
100%
Allen Iverson
99%
Kevin Garnett
98%
Shaquille O'Neal
96%
Vince Carter
96%
Jason Kidd
95%
Tracy McGrady
95%
Ray Allen
81%
Alonzo Mourning
78%
Peja Stojaković
71%
Chris Webber
68%
Jason Williams
66%
Mike Bibby
60%
Stephon Marbury
57%
Penny Hardaway
52%
Baron Davis
47%
Antoine Walker
43%
Michael Finley
26%
Rod Strickland
10%
No matching quizzes found
Score Distribution
Percent of People with Each Score
Percentile by Number Answered
Your Score History
You have not taken this quiz